Writing test benches using system verilog (Record no. 182883)

000 -LEADER
fixed length control field 00379nam a2200133Ia 4500
008 - FIXED-LENGTH DATA ELEMENTS--GENERAL INFORMATION
fixed length control field 220217s9999||||xx |||||||||||||| ||und||
020 ## - INTERNATIONAL STANDARD BOOK NUMBER
International Standard Book Number 9780387292212
082 ## - DEWEY DECIMAL CLASSIFICATION NUMBER
Classification number 621.392 BER
100 ## - MAIN ENTRY--PERSONAL NAME
Personal name Bergeron, Janick
9 (RLIN) 8159
245 #0 - TITLE STATEMENT
Title Writing test benches using system verilog
260 ## - PUBLICATION, DISTRIBUTION, ETC.
Place of publication, distribution, etc. Springar publications
Name of publisher, distributor, etc. New Delhi
Date of publication, distribution, etc. 2009
300 ## - PHYSICAL DESCRIPTION
Extent XXVI, 412
Other physical details 995
650 ## - SUBJECT ADDED ENTRY--TOPICAL TERM
Topical term or geographic name entry element VHDL
Holdings
Withdrawn status Lost status Damaged status Not for loan Collection code Home library Current library Shelving location Date acquired Full call number Barcode Date last seen Price effective from Koha item type
        Humanity Science Central Library Central Library Book Cart 02/18/2022 621.392 BER 18072 02/18/2022 02/18/2022 Books

Powered by Koha